=LDR 00000nam 2200000 4500 =001 INLIS000000000022666 =005 20130612121412 =008 ***********************************Ind** =035 ##$$0010-061300000022666 =041 ##$$a Ind =082 ##$$a 657.833 007 =090 ##$$a 657.833 007, Som-a =100 ##$$a Soemantri, Hendi =245 ##$$a Akuntansi perbankan SMK Tingkat 2, Hendi Soemantri =260 ##$$a 2000 $b Bandung =300 ##$$a 128 hlm., ilus, 30 cm =650 ##$$a Akuntansi Perbankan =850 ##$$a NBPNMAT =990 ##$$a 0001/BPAP-NTB/20142014 =990 ##$$a 21602547/BPAP-NTB/2017